1390 1648 1207 1810 1513 1189 1186 1685 1233 1304 1046 1796 1661 1220 1160 1259 1677 1236 1326 1107 1074 1315 1021 1522 1610 1073 1844 1057 1466 1761 1705 1177 1927 1265 1459 1092 1669 1796 1409 1945 1143 1676 1888 1491 1011 1982 1271 1097 1573 1450 1734 1566 1952 1093 1679 1379 1056 1810 1789 1298 1551 1516 1439 1019 1976 1043 1012 1112 1971 1323 1243 1472 1758 1243 1582 1347 1823 1955 1477 1273 1444 1162 1927 1419 1480 1548 1445 1023 1301 1750 1809 1015 1962 1893 1945 1891 1483 1844 1328 BCNSPRNW ULIB Ver.6.0+V

เปลี่ยนเป็นภาษาไทย

Change to English
 แสดงรายละเอียดบรรณานุกรม
  กลับหน้าหลัก

Brief Record : Get Marc (ISO 2709) : E-mail record : QR code < ปิดหน้าต่าง
LEADER : 00000nam 2200000uu 4500
001    13399113907
003     ULIB
008    120112s2550||||th 000 0 tha d
020    ^a9789744348623
090    ^aนว.^bก123ผ 2550
100 0  ^aเกมม่า ทาวน์ลี่
245 00 ^aแผนรักลับ ๆ ฉบับ M B A/^cเกมม่า ทาวน์ลี่
250    ^aพิมพ์ครั้งที่ 1
260    ^aกรุงเทพฯ :^bฟิสิกส์เซ็นเตอร์,^c2550
300    ^a346 หน้า
710 1  ^aฟิสิกส์เซ็นเตอร์
945    ^p230^l0^i14452
995    ^aกัณชพร
999    ^aใช้งานได้ทุกระบบ
รายการนี้ยังไม่มีแท็ก
คุณยังไม่ได้ล็อกอิน คุณสามารถมีกิจกรรมร่วมกับเว็บไซต์ได้ แต่ต้องล็อกอินก่อน ::
  ล็อกอิน

รายการสื่อสารสนเทศ

ลำดับที่ ประเภท เลขเรียก/บาร์โค้ด สถานที่ สถานะ
1. นวนิยาย
นวนิยาย
นว. ก123ผ 2550  
  Barcode: 14452
ห้องสมุดวิทยาเขตสวรรค์ประชารักษ์
►นวนิยาย
บนชั้น
  ขอยืม

BibComment


ยังไม่เคยถูกคอมเมนท์

คอมเมนท์ทรัพยากรรายการนี้
  คอมเมนท์: แผนรักลับ ๆ ฉบับ..


 Copyright 2026. Bcnsprnw @Library